| 000 | 00402nam a22001457a 4500 | ||
|---|---|---|---|
| 005 | 20240702122538.0 | ||
| 008 | 240702b |||||||| |||| 00| 0 eng d | ||
| 041 | _aEnglish | ||
| 082 | _a349 ANN | ||
| 100 | _lEnglish | ||
| 260 |
_aCape Town: _bJuta and Company Ltd, _c2005 |
||
| 300 |
_bxlv, 859 pages; _c23 cm. |
||
| 650 |
_aLegal practice _bLaw |
||
| 942 |
_cBK _6ALISON_BN_VRIES |
||
| 999 |
_c2079 _d2079 |
||